Misleading advertising: a study of radio spots in Spain /
Sparad:
| Huvudupphovsman: | |
|---|---|
| Övriga upphovsmän: | |
| Materialtyp: | Text |
| Taggar: |
Lägg till en tagg
Inga taggar, Lägg till första taggen!
|
MARC
| LEADER | 00000 a a2200000 04500 | ||
|---|---|---|---|
| 001 | 46293 | ||
| 003 | |||
| 040 | |||
| 100 | |a Muela-Molina, Clara | ||
| 245 | |a Misleading advertising: |b a study of radio spots in Spain / |c Clara Muela-Molina, Salvador Perelló-Oliver | ||
| 700 | |a Perelló-Oliver, Salvador | ||
| 773 | |g volumen20, número62 ( , 2013), páginas 13-43 : tablas | ||
| 999 | |c 38890 |d 38890 | ||
